Vista normal
Vista MARC
Entrada Materia (personas)
Número de registros utilizados en: 1
001 - CONTROL NUMBER
- control field: 189258
003 - CONTROL NUMBER IDENTIFIER
- control field: Co-BoUCM
005 - DATE AND TIME OF LATEST TRANSACTION
- control field: 20260514130241.0
008 - FIXED-LENGTH DATA ELEMENTS
- fixed length control field: 260514|| aca||aabn | a|a d
040 ## - CATALOGING SOURCE
- Original cataloging agency: Co-BoUCM
- Transcribing agency: Co-BoUCM
100 ## - HEADING--PERSONAL NAME
- Personal name: Mutis, José Celestino,
- Dates associated with a name: 1732-1808
- General subdivision: Crítica e interpretación
670 ## - SOURCE DATA FOUND
- Source citation: Work cat.: (Co-BoUCM)326406: Gómez Gutiérrez, Alberto 61933, Auri sacra fames :, 2024